000 00215nam a2200085Ia 4500
008 120527s9999 xx 000 0 und d
100 _aGOULD, F.
245 _aAnatomy and physiology for Holistic Therapist
942 _cBK
999 _c25745
_d25745